Statistics for Millie Bobby Brown Filmography

Click here to take the quiz!

General Stats

  • This quiz has been taken 188 times
    (81 since last reset)
  • The average score is 7 of 23

Answer Stats

TypeYearName% Correct
Web Series2016-PresentStranger Things
99%
Film2020Enola Holmes
83%
Film2022Enola Holmes 2
72%
Film2021Godzilla vs. Kong
52%
Film2019Godzilla: King of the Monsters
48%
Film2023Damsel
43%
TV Show2015Grey's Anatomy
39%
Music Video2018Girls Like You
36%
TV Show2015Modern Family
35%
TV Show2013Once Upon a Time in Wonderland
30%
FilmTBAThe Electric State
28%
TV Show2014Intruders
25%
TV Show2014NCIS
25%
FilmTBAThe Thing About Jellyfish
17%
FilmTBAThe Girls I've Been
16%
Film2018Spheres
14%
Music Video2016Find Me
10%
Music Video2017I Dare You
7%
TV Short2018Asesinato en el Hormiguero Express
6%
TV Show2016Hell's Kitchen
6%
Music Video2018In My Feelings
6%
Music Video2019Happy Anniversary, All I Want for Christmas Is You!
4%
TV Show2022The Tiny Chef Show
1%

Score Distribution

Percentile by Number Answered

Percent of People with Each Score

Your Score History

You have not taken this quiz since the last reset